ព្រឹត្តិបត្រ័ស្ថិតិនិងសិក្សាកសិកម្ម (Record no. 9798)

000 -LEADER
fixed length control field 00335nam a22001217a 4500
040 ## - CATALOGING SOURCE
Transcribing agency SY
082 ## - DEWEY DECIMAL CLASSIFICATION NUMBER
Classification number 630
100 ## - MAIN ENTRY--AUTHOR NAME
Personal name ក្រសួង
245 ## - TITLE STATEMENT
Title ព្រឹត្តិបត្រ័ស្ថិតិនិងសិក្សាកសិកម្ម
260 ## - PUBLICATION, DISTRIBUTION, ETC. (IMPRINT)
Place of publication RUA
Name of publisher ក្រសួង
Year of publication 1993
300 ## - PHYSICAL DESCRIPTION
Number of Pages 43p.
942 ## - ADDED ENTRY ELEMENTS (KOHA)
Koha item type សៀវភៅភាសាខ្មែរ
952 ## - LOCATION AND ITEM INFORMATION (KOHA)
Withdrawn status [LOCAL, KOHA] 0
Holdings
Permanent Location Date acquired Koha item type Lost status Shelving location Barcode Current Location Full call number
Library Block C2016-09-12សៀវភៅភាសាខ្មែរ C241RUA045398Library Block C630 កសិកម្ម 1993 C241
មជ្ឈមណ្ឌលឯការនៃសាកលវិទ្យាល័យភូមិន្ទកសិកម្មចំការដូង

Powered by Koha